00993 2200301 4500001002100000005001500021035002000036007000300056008004100059020002200100040002200122082001500144084001700159090002200176100004700198245014900245250002800394300003900422650002300461850001200484264004400496336002100540337003000561338002300591999002200614504003300636990002200669INLIS00000000087034520220530115724 a0010-0522000578ta220530s2021 yoia g ind d a978-623-6992-65-4 aYOPDYOGbinderda04223a371.33 a371.33 NIM p aCB-D.11 2021-30010 aNi Made Umi Kartika Dewid1988-epengarang10aPanduan mengembangkan media pembelajaran inovatif berbasis teknologi multimedia /cNi Made Umi Kartika Dewi; penyunting, Iman Amanda Permatasari aCetakan I, Oktober 2021 avi, 188 halaman :bgambar ;c23 cm 4aMedia pembelajaran aYOPDYOG31aBantul :bThe Journal Publishing,c2021 2rdacontentateks 2rdamediaatanpa perantara 2rdacarrieravolume aCB-D.11/2021-3001 aBibliografi: halaman 183-188 aCB-D.11/2021-3001